000 00384nam a22001457a 4500
082 _a403
_bDCB/H
100 _aD C BOOKS
245 _aHINDI- MALAYALAM-ENGLISH DICTIONARY
246 _aHINDI- MALAYALAM-ENGLISH DICTIONARY
_bHINDI- MALAYALAM-ENGLISH DICTIONARY
260 _aINDIA, THRISSUR
_bD C
300 _a1411
520 _aDICTIONARY
650 _aHINDI DICTIONARY
942 _cBK
999 _c8928
_d8928